000 00592nam a2200133Ia 4500
008 100328s9999 xx 000 0 und d
082 _b5569
100 _aजागीरदार प्र.ज.
245 _aनिवडक राज्यशास्त्रज्ञांचा परिचय
260 _bमहेश्वर मुद्रणालय
630 _aनिवडक राज्यशास्त्रज्ञांचा परिचय
730 _aनिवडक राज्यशास्त्रज्ञांचा परिचय
942 _cBOOK
999 _c501558
_d501555